[Event "Zemplen Kupa op"]
[Site "Hungary"]
[Date "1998.??.??"]
[Round "6"]
[White "Boros, Daniel"]
[Black "Kiss, Pal"]
[Result "1/2-1/2"]
[WhiteElo "2300"]
[BlackElo "2435"]

1.e4 c5 2.Nc3 Nc6 3.Nge2 g6 4.g3 Bg7 5.Bg2 d6 6.d3 e6 7.Be3 Nd4 8.O-O Ne7
9.Qd2 O-O 10.Rae1 Nec6 11.Nd1 Qa5 12.Qxa5 Nxa5 13.Nxd4 cxd4 14.Bd2 Nc6 15.f4 a5
16.c3 a4 17.c4 Bd7 18.Nf2 Ra6 19.Rb1 Rb8 20.Rfc1 b5 21.c5 dxc5 22.Rxc5 Bf8
23.Rc2 e5 24.Rbc1 Nb4 25.Bxb4 Bxb4 26.fxe5 a3 27.b3 Bc3 28.Bh3 Bxh3 29.Nxh3 Re8
30.Rf1 Rxe5 31.Nf4 b4 32.Kg2 f5 33.exf5 Rxf5 34.Re2 Raf6 35.Rff2 Rf8 36.Nh3 Rxf2+
37.Nxf2 Rc8 38.Rc2 Re8 39.Ne4 Kg7 40.Re2 Rc8  1/2-1/2

[Event "Ikaria op"]
[Site "Ikaria"]
[Date "1998.??.??"]
[Round "5"]
[White "Cela, Altin"]
[Black "Gelashvili, Tamaz"]
[Result "1-0"]
[WhiteElo "2445"]
[BlackElo "2445"]

1.e4 c5 2.Nf3 Nc6 3.Nc3 g6 4.d4 cxd4 5.Nxd4 Bg7 6.Be3 Nf6 7.Nb3 O-O 8.Be2 d6
9.O-O Be6 10.f4 Na5 11.f5 Bc4 12.Nxa5 Bxe2 13.Qxe2 Qxa5 14.Rad1 Rac8 15.Bd4 Qb4
16.a3 Qc4 17.Qf3 b5 18.Rf2 Ng4 19.Rfd2 Ne5 20.Qf4 gxf5 21.exf5 Nc6 22.f6 Bxf6
23.Qg3+ Kh8 24.Bxf6+ exf6 25.Qxd6 Qh4 26.Rf2 Rfd8 27.Qxf6+ Qxf6 28.Rxf6 Rxd1+
29.Nxd1 Kg7 30.Rd6 Ne5 31.Ne3 Nc4 32.Nf5+ Kf8 33.Ra6 Nxb2 34.Rxa7 Nc4 35.Kf2 Rd8
36.Kf3 Nd6 37.Nd4 Nc8 38.Ra8 Rxd4 39.Rxc8+ Kg7 40.Rc5 Ra4 41.Rxb5 Rxa3+ 42.Ke2 Rc3
43.Kd2 Rc6 44.Rd5 Kf8 45.Rh5 h6 46.c3 Ke7 47.g4 Kd7 48.Kd3 Rd6+ 49.Ke4 Ke7
50.c4 Rg6 51.h3 Kd7 52.c5 Re6+ 53.Kd5 Kc8 54.Re5 Ra6 55.Re8+ Kd7 56.Rh8 Rg6
57.Rh7 Rf6 58.c6+ Kd8 59.Ke5 Rxc6 60.Rxf7 h5 61.Kf5 Ke8 62.Rf6 Rc3 63.Kg6 Rxh3
64.g5 h4 65.Rf4 Rg3 66.Rxh4 Kf8 67.Rh8+ Ke7 68.Rh7+ Kf8 69.Rf7+ Kg8 70.Ra7 Kf8
71.Ra8+ Ke7 72.Rg8 Ra3 73.Kg7 Ra7 74.g6 Ke6+ 75.Kh6 Ra1 76.Re8+ Kf6 77.Rf8+ Ke7
78.g7 Rh1+ 79.Kg6 Rg1+ 80.Kh7 Rh1+ 81.Kg8 Ra1 82.Rf2 Ke6 83.Rh2  1-0

[Event "Karvina op"]
[Site "Karvina"]
[Date "1998.??.??"]
[Round "?"]
[White "Pisk, Petr"]
[Black "Furman, Boris"]
[Result "1-0"]
[WhiteElo "2310"]
[BlackElo "2245"]

1.e4 c5 2.Nf3 Nc6 3.Nc3 d6 4.d4 cxd4 5.Nxd4 Nf6 6.h3 e5 7.Nde2 Be7 8.g4 O-O
9.Be3 b5 10.g5 Ne8 11.Qd2 Na5 12.b3 Bb7 13.Ng3 f5 14.gxf6 Nxf6 15.Bxb5 d5
16.Nxd5 Bxd5 17.exd5 Nxd5 18.Ne4 Nxe3 19.Qxe3 Rf4 20.Bd3 Nc6 21.c3 Qa5 22.O-O Raf8
23.Kg2 Qd8 24.b4 Kh8 25.Rad1 Qe8 26.Ng3 Bg5 27.Qe2 Qe6 28.Be4 Ne7 29.Rd3 Rh4
30.Rh1 Bf4 31.a4 g6 32.Bf3 Bh6 33.Bg4 Nf5 34.Rf3 Bg7 35.Qe4 Qf6 36.Qc2 Qg5
37.Bxf5 gxf5 38.Rxf5 Rxf5 39.Qxf5 Qd8 40.Rd1 Qa8+ 41.f3 Rf4 42.Qd3 Qc6 43.a5 Bf6
44.Nh5 Qe8 45.Nxf6 Rxf6 46.Qd8  1-0

[Event "Independence Cup op"]
[Site "Kiev"]
[Date "1998.??.??"]
[Round "3"]
[White "Demkovich, Anatoliy"]
[Black "Kernazhitsky, Leonid"]
[Result "1-0"]
[WhiteElo "2305"]
[BlackElo "2355"]

1.e4 c5 2.Nf3 Nc6 3.Nc3 e5 4.Bc4 d6 5.d3 Be7 6.Nd5 Nf6 7.c3 O-O 8.a3 a6 9.Qe2 b5
10.Ba2 a5 11.Nxf6+ Bxf6 12.Bd5 Bd7 13.h4 Rb8 14.Ng5 h6 15.Qh5 Qe8 16.Qg6 Bxg5
17.hxg5 Be6 18.Bxe6 fxe6 19.Qxe8 Rfxe8 20.gxh6 g6 21.Ke2 Kh7 22.f4 Rf8 23.g3 Rb7
24.Be3 c4 25.Rad1 exf4 26.Bxf4 d5 27.exd5 exd5 28.dxc4 Re7+ 29.Kd2 bxc4 30.Rhe1 Rb7
31.Kc1 Rf5 32.Re6 g5 33.Rxc6 gxf4 34.gxf4 Rxf4 35.Rxd5 Rf1+ 36.Rd1 Rf2 37.Rd2 Rxd2
38.Kxd2 Rxb2+ 39.Ke3 Rb3 40.Kd4 Rxa3 41.Kxc4 Ra1 42.Ra6 Ra3 43.Kd4 Ra1 44.Kc5 a4
45.Kb4 a3 46.Rxa3 Rb1+ 47.Kc5 Kxh6 48.c4 Rb8 49.Rg3 Rc8+ 50.Kd5 Rd8+ 51.Ke6 Rc8
52.Rc3 Kg7 53.c5 Re8+ 54.Kd7 Re1 55.c6 Rd1+ 56.Kc8 Kf7 57.c7  1-0

[Event "Kiev-ch"]
[Site "Kiev"]
[Date "1998.??.??"]
[Round "6"]
[White "Tkachov, Andrey"]
[Black "Zakharchenko, Arnold"]
[Result "0-1"]
[WhiteElo "2235"]
[BlackElo "2315"]

1.e4 c5 2.Ne2 Nc6 3.Nbc3 g6 4.g3 Bg7 5.Bg2 d6 6.O-O b6 7.d3 Bb7 8.Be3 Nd4
9.Qd2 Qd7 10.Nd1 f5 11.c3 Nxe2+ 12.Qxe2 Nf6 13.Bg5 O-O 14.Bxf6 Bxf6 15.Ne3 e6
16.Rad1 Rae8 17.Rfe1 Ba6 18.c4 Bd4 19.f4 fxe4 20.Bxe4 e5 21.fxe5 Rxe5 22.Kh1 Bxe3
23.Qxe3 Bb7 24.Rf1 Rfe8 25.Qd2 d5 26.cxd5 Bxd5 27.b3 Bxe4+ 28.dxe4 Qxd2 29.Rxd2 Rxe4
30.Rff2 Rf8 31.Kg2 Rxf2+ 32.Kxf2 Kf7 33.Kf3 Re5 34.Rd7+ Re7 35.Rd2 Ke6 36.Ke4 Rd7
37.Rf2 Rd4+ 38.Ke3 Rd8 39.Ke4 a5 40.Rc2 Rd4+ 41.Ke3 Ke5 42.Rf2 a4 43.bxa4 Rxa4
44.Kd3 b5 45.Kc3 Ra3+ 46.Kb2 Re3 47.Rd2 b4 48.Rd7 Re2+ 49.Kb3 Rxh2 50.Kc4 Rc2+
51.Kb5 h5 52.Rc7 Kf5 53.Rxc5+ Rxc5+ 54.Kxc5 Kg4 55.Kxb4 Kxg3  0-1

[Event "Kiev-ch"]
[Site "Kiev"]
[Date "1998.??.??"]
[Round "8"]
[White "Galinsky, Timofey"]
[Black "Mishchenko, Victor"]
[Result "1/2-1/2"]
[WhiteElo "2315"]
[BlackElo "2225"]

1.e4 c5 2.Nf3 Nc6 3.Nc3 d6 4.g3 Nf6 5.Bg2 g6 6.O-O Bg7 7.d3 O-O 8.Be3 Ng4
9.Bd2 Rb8 10.h3 Nf6 11.Qc1 b5 12.Bh6 b4 13.Bxg7 Kxg7 14.Nd5 e6 15.Ne3 e5
16.Nd2 Nd4 17.Kh2 Nh5 18.a3 b3 19.c3 Ne6 20.Qd1 Bd7 21.a4 Qe8 22.Nec4 Qe7
23.Nxb3 Bc6 24.d4 cxd4 25.cxd4 Rb4 26.d5 Bxa4 27.Rxa4 Rxa4 28.Nba5 Rxc4 29.Nxc4 Nd4
30.f4 Rc8 31.Qd3 Qc7 32.Rc1 Nf6 33.Nxd6 Qxc1 34.Nxc8 exf4 35.Qxd4 fxg3+ 36.Kxg3 Qxc8
37.e5 Nh5+ 38.Kh2 f6 39.e6 g5 40.Qxa7+ Kh6 41.Be4 Ng7 42.Qd4 Qd8 43.Qb4 f5
44.e7 Qd7 45.Bg2 Ne8 46.Qc5 Qd6+ 47.Qxd6+ Nxd6 48.h4 gxh4 49.Kh3 Kg5 50.b4 Kf6
51.Kxh4 Kxe7 52.Kg5 Kf7 53.Bf1 h6+ 54.Kf4 Kf6 55.b5 Nc8 56.Be2 Nb6 57.Bf3 Nc4
58.d6 Nxd6 59.b6 Ke6 60.b7 Nxb7 61.Bxb7 Kf6 62.Bc8 h5 63.Bxf5 h4 64.Bh3 Kg6
65.Kg4 Kh6 66.Kf4 Kh5 67.Kf5 Kh6 68.Kf6 Kh5 69.Kf5 Kh6 70.Kf6 Kh7 71.Kf5 Kg7
72.Ke5 Kf7 73.Kf5 Ke7 74.Ke5 Kd8 75.Kd6 Ke8 76.Ke6 Kf8 77.Kf6 Ke8 78.Ke6 Kf8
79.Kf6 Kg8 80.Kg6 Kh8 81.Be6 h3 82.Bxh3 Kg8 83.Bd7 Kf8 84.Kf6 Kg8 85.Be6+ Kh7
86.Bf5+ Kh6 87.Bg6  1/2-1/2

[Event "Klatovy op-A"]
[Site "Klatovy"]
[Date "1998.??.??"]
[Round "?"]
[White "Spal, Milan"]
[Black "Marhold, Roman"]
[Result "1-0"]
[WhiteElo "2160"]
[BlackElo "2005"]

1.e4 c5 2.Nc3 Nc6 3.Bb5 Nd4 4.Bc4 e6 5.Nge2 Ne7 6.Nxd4 cxd4 7.Ne2 Nc6 8.O-O Be7
9.d3 O-O 10.Bb3 a6 11.Bd2 b5 12.f4 d6 13.Ng3 Bh4 14.f5 Ne5 15.Qe2 Bd7 16.fxe6 Bxe6
17.Nf5 Bf6 18.Kh1 Bxb3 19.axb3 Nc6 20.Rf3 Ne7 21.Nh6+ Kh8 22.Raf1 Ng8 23.Ng4 Qd7
24.Nxf6 Nxf6 25.Qf2 Rac8 26.Rxf6 Rxc2 27.Rf3 Rxb2 28.Rh3 Qd8 29.Qf5 h6 30.Bxh6  1-0

[Event "Korinthos op"]
[Site "Korinthos"]
[Date "1998.??.??"]
[Round "7"]
[White "Sorensen, J."]
[Black "Nikolaidis, Ioannis"]
[Result "1/2-1/2"]
[WhiteElo "2400"]
[BlackElo "2490"]

1.e4 c5 2.Nf3 Nc6 3.Nc3 d6 4.d4 cxd4 5.Nxd4 Nf6 6.Be2 e5 7.Nxc6 bxc6 8.O-O Be7
9.f4 Nd7 10.Na4 Nb6 11.c4 O-O 12.Nc3 Be6 13.b3 exf4 14.Bxf4 Bf6 15.Rc1 Nc8
16.c5 Qa5 17.Na4 d5 18.Bf3 Rd8 19.Qe2 Qb4 20.exd5 cxd5 21.Be5 Bxe5 22.Qxe5 Ne7
23.Rfd1 Nc6 24.Qc3 Qf4 25.Qd2 Qe5 26.Nc3 Rab8 27.Ne2 Rb4 28.Rc3 Qb8 29.Rd3 a5
30.Nd4 Nxd4 31.Rxd4 Rc8 32.Rxb4 Qxb4 33.Qxb4 axb4 34.Rd4 Rxc5 35.Rxb4 g5
36.Rd4 Kg7 37.b4 Rc2 38.Bxd5 Bxd5 39.Rxd5 Rxa2 40.Rxg5+ Kf6 41.Rh5 Kg6 42.g4 Ra4
43.Rb5 Ra2 44.h4 h6 45.Rf5 Rb2 46.h5+ Kg7 47.Rf4 f5 48.gxf5 Kf6 49.Kf1 Rh2
50.Rc4 Kxf5 51.Rc5+ Ke4 52.Kg1 Rb2 53.b5 Kd4 54.Rf5 Ke4 55.Rc5 Kd4 56.Rc6 Rxb5
57.Rxh6 Ke5 58.Rg6 Rb7 59.h6 Rh7 60.Kg2  1/2-1/2

[Event "RUS-ch sf"]
[Site "Krasnodar"]
[Date "1998.??.??"]
[Round "?"]
[White "Sanarov, Oleg"]
[Black "Dzhakaev, D."]
[Result "1/2-1/2"]
[WhiteElo "2290"]
[BlackElo "2415"]

1.e4 c5 2.Nc3 Nc6 3.Bb5 g6 4.Bxc6 bxc6 5.d3 Bg7 6.f4 Nh6 7.Nf3 O-O 8.O-O d6
9.Qe1 f6 10.Qh4 Nf7 11.Qg3 Rb8 12.Nh4 f5 13.Nf3 c4 14.dxc4 fxe4 15.Nxe4 Bf5
16.Neg5 Nxg5 17.Nxg5 h6 18.Nf3 Bxc2 19.Be3 Rxb2 20.Rf2 c5 21.Nh4 Qe8 22.Bc1 Rb1
23.Rxb1 Bxb1 24.Bb2 Qf7 25.Bxg7 Qxg7 26.h3 Be4 27.Qg4 Kh7 28.Qe6 Bd3 29.Rf3 Bb1
30.a3 Ba2 31.Kh2 Qf6 32.Qe1 e6 33.g4 Bxc4 34.f5 gxf5 35.gxf5 e5 36.Ng6 Rb8
37.Rf2 Bf7 38.Qa5 Rg8 39.Qxa7 Qg7 40.Rg2 Bxg6 41.fxg6+ Kh8 42.Qb6 Qf8 43.a4 c4
44.a5 Qf4+ 45.Kh1 Qf1+  1/2-1/2

[Event "Krasnodar2"]
[Site "Krasnodar"]
[Date "1998.??.??"]
[Round "2"]
[White "Tseshkovsky, Vitaly"]
[Black "Zagrebelny, Sergey"]
[Result "1/2-1/2"]
[WhiteElo "2510"]
[BlackElo "2485"]

1.e4 c5 2.Nc3 Nc6 3.Nf3 d6 4.d4 cxd4 5.Nxd4 e6 6.Be3 Nf6 7.Qd2 Be7 8.f3 O-O
9.g4 a6 10.O-O-O Nxd4 11.Bxd4 b5  1/2-1/2

[Event "Krasnodar"]
[Site "Krasnodar"]
[Date "1998.??.??"]
[Round "11"]
[White "Popov, Roman"]
[Black "Poluljahov, Aleksandr"]
[Result "1/2-1/2"]
[WhiteElo "2500"]
[BlackElo "2505"]

1.e4 c5 2.Nc3 Nc6 3.Nge2 d6 4.d4 cxd4 5.Nxd4 Nf6 6.Bg5 e6 7.Qd2 a6 8.f3 Be7
9.O-O-O h6 10.Be3 Nxd4 11.Qxd4 b5 12.Kb1 Qa5 13.e5 dxe5 14.Qxe5 O-O 15.Bd3 Bb7
16.Bd2 Qb6 17.Qg3 Kh8 18.Qh3 Nh7 19.Rhe1 Rad8 20.f4 b4 21.Ne2 Qc6 22.g4 a5
23.g5 a4 24.Qg3 Ba6 25.Nc1 g6 26.Be4 Qc7 27.h4 h5 28.Nd3 Kg8 29.Qe3 b3  1/2-1/2

[Event "Krasnodar"]
[Site "Krasnodar"]
[Date "1998.??.??"]
[Round "11"]
[White "Nadyrhanov, S."]
[Black "Beshukov, Sergei"]
[Result "1-0"]
[WhiteElo "2480"]
[BlackElo "2405"]

1.e4 c5 2.Nc3 Nc6 3.Nge2 e6 4.g3 d6 5.Bg2 Nf6 6.h3 Be7 7.O-O a6 8.d3 Qc7
9.f4 h6 10.g4 Nh7 11.Ng3 b5 12.Nce2 Bb7 13.c3 Bh4 14.Be3 Ne7 15.d4 f5 16.a4 fxe4
17.Nxe4 Nd5 18.Qd2 c4 19.axb5 axb5 20.Rxa8+ Bxa8 21.f5 O-O 22.fxe6 Rxf1+
23.Kxf1 Nf8 24.Nf4 Nxf4 25.Bxf4 Nxe6 26.Bxd6 Qf7+ 27.Kg1 Bxe4 28.Bxe4 Ng5
29.Bg2 Nf3+ 30.Bxf3 Qxf3 31.Qg2 Qe3+ 32.Kh2 Bg5 33.Bg3 Bf4 34.h4 Kh7 35.d5 Bxg3+
36.Qxg3 Qd2+ 37.Qg2 Qd3 38.h5 Kg8 39.Kg1 Qd1+ 40.Kf2 Qd2+ 41.Kg3 Qd3+ 42.Kf4 Kf7
43.Ke5 Ke7 44.Qf2 Ke8 45.Kd6 Qe4 46.Qf5 Qe7+ 47.Kc6 Kd8 48.d6 Qe8+ 49.Kb7  1-0

[Event "La Coruna op"]
[Site "La Coruna"]
[Date "1998.??.??"]
[Round "?"]
[White "Garcia Carbo, Marcial"]
[Black "Vidal del Rio, Manuel"]
[Result "1/2-1/2"]
[WhiteElo "2390"]
[BlackElo "2180"]

1.e4 c5 2.Nf3 Nc6 3.Nc3 e5 4.Bc4 Be7 5.d3 Nf6 6.Nd2 d6 7.Nf1 Be6 8.Ne3 a6
9.a4 Nb4 10.O-O d5 11.exd5 Nbxd5 12.Ncxd5 Nxd5 13.Qf3 Nf4 14.Bxe6 Nxe6 15.Qxb7 O-O
16.Qe4 f6 17.Qc4 Qd6 18.f4 Kh8 19.Nf5 Qd7 20.Nxe7 Qxe7 21.fxe5 fxe5 22.Be3 Nd4
23.c3 Ne6 24.Rae1 Qd6 25.Rxf8+ Rxf8 26.Rf1 Rd8 27.Rf5 h6 28.Qe4 Nf4 29.Bxf4 exf4
30.Rxf4 Rb8 31.Rf2 Qd7 32.Re2 Rd8 33.Re3 Rb8 34.Rf3 Qd6 35.Qe2 Qd7 36.Rf4 Qd6
37.Re4 Qb6 38.Re8+ Rxe8 39.Qxe8+ Kh7 40.Qe2 Qb3 41.h3 Kh8 42.a5 Qb5 43.b4 cxb4
44.cxb4 Kg8 45.Qe4 Qg5 46.Kh2 Qd2 47.Kg3 Qg5+ 48.Kf3 Qd2 49.Qe3 Qc3 50.Qe8+ Kh7
51.Qe4+ Kh8 52.Qa8+ Kh7 53.Qxa6 Qxb4 54.Qa8 Qb5 55.Ke4 Qg5 56.Kd4 Qb5 57.Qd5 Qb4+
58.Ke3 Qe1+ 59.Kf4 Qf2+ 60.Ke5 Qb2+ 61.d4 Qb8+ 62.Ke4 Qg3 63.Kf5 Qd3+ 64.Ke5 Qa6
65.Kf4 Qf1+ 66.Kg3 Qe1+ 67.Kh2 Qd2 68.Qe5 Qb4 69.a6 Qb6  1/2-1/2

[Event "La Coruna op"]
[Site "La Coruna"]
[Date "1998.??.??"]
[Round "?"]
[White "Suarez, Diego"]
[Black "Prol, Iago"]
[Result "1/2-1/2"]
[WhiteElo "2350"]
[BlackElo "2130"]

1.e4 c5 2.Nc3 Nc6 3.Nf3 e5 4.Bc4 Be7 5.d3 Nf6 6.O-O O-O 7.Re1 d6 8.h3 Nd4
9.Nxd4 cxd4 10.Ne2 Be6 11.Bb3 Rc8 12.Ng3 Qd7 13.f4 Rc7 14.Rf1 Rfc8 15.Rf2 a5
16.Bxe6 Qxe6 17.Nf5 Bf8 18.a4 Rc6 19.fxe5 dxe5 20.Bg5 Ne8 21.Rc1 f6 22.Bd2 Bb4
23.Bxb4 axb4 24.Ra1 g6 25.Ng3 Kg7 26.b3 Nd6 27.Ra2 Nf7 28.Qe1 Qe7 29.Nf1 Nh6
30.g4 Nf7 31.Ng3 Nd8 32.Rg2 Kh8 33.Rf2 Ne6 34.Qf1 Kg7 35.Rd2 Nf4 36.Ne2 Ne6
37.Qf2 Rh8 38.Ng3 Nf4 39.Kh2 h5 40.gxh5 Nxh5 41.Nxh5+ Rxh5 42.Ra1 Qe6 43.Qf3 Rg5
44.Rg1 Rxg1 45.Kxg1 Rc8 46.Rg2 Rh8 47.Rg3 Rh6 48.Qg2 Qe8 49.Qd2 Qe7 50.Qd1 Qe6
51.Kh2 Qc8 52.Qd2 Qf8 53.Rg1 Qc8 54.Qg2 Qc7 55.Ra1 Qc3 56.Rf1 Qc6 57.a5 Qc3
58.Rg1 Qb2 59.Kh1 Qa2 60.Qg4 Qxc2 61.Qd7+ Kf8 62.Qd8+ Kf7 63.Qd5+ Kf8 64.Qe6 Kg7
65.Qe7+ Kg8 66.Qe6+ Kg7 67.Qe7+ Kg8 68.Qe8+ Kg7 69.Qe7+  1/2-1/2

[Event "La Coruna op"]
[Site "La Coruna"]
[Date "1998.??.??"]
[Round "?"]
[White "Gonzalez, Diego"]
[Black "Fernando, Diogo"]
[Result "0-1"]
[WhiteElo "2205"]
[BlackElo "2125"]

1.e4 c5 2.Nc3 Nc6 3.Nge2 d6 4.d4 cxd4 5.Nxd4 Nf6 6.Bg5 e6 7.Bb5 Bd7 8.Bxc6 bxc6
9.Qf3 Rc8 10.O-O-O Be7 11.Rhe1 c5 12.Nde2 Qb6 13.Qg3 Rb8 14.b3 Bc6 15.Bxf6 Bxf6
16.Rxd6 O-O 17.e5 Be7 18.Rdd1 c4 19.Nf4 cxb3 20.axb3 Qb4 21.Nh5 g6 22.Nf6+ Bxf6
23.exf6 Qa3+ 24.Kb1 Rb6 25.Qd6 Rxb3+ 26.cxb3 Qxb3+ 27.Ka1 Qxc3+ 28.Ka2 Bd5+
29.Rxd5 exd5 30.Rb1 Qc4+ 31.Ka3 Qc3+ 32.Ka2 Qc2+ 33.Rb2 Qa4+ 34.Kb1 Qe4+
35.Ka2 Qe6 36.Qf4 d4+ 37.Kb1 Qe1+ 38.Ka2 Qa5+ 39.Kb1 Qe1+ 40.Ka2 Qe6+ 41.Kb1 Qd7
42.g4 Qd8 43.Kc1 Re8 44.Kd1 d3 45.Rb4 Qc8 46.Qc4 Qd7 47.Qd4 Qc6 48.Qxd3 Qxf6
49.Rd4 Qxf2 50.Qd2 Qf1+  0-1

[Event "SCO-ch"]
[Site "Largs"]
[Date "1998.??.??"]
[Round "3"]
[White "Grant, Alan"]
[Black "Norris, Alan J"]
[Result "0-1"]
[WhiteElo "2185"]
[BlackElo "2320"]

1.e4 c5 2.Nc3 Nc6 3.Nf3 g6 4.Bc4 Bg7 5.O-O e6 6.d3 Nge7 7.Re1 d6 8.a3 O-O
9.Bg5 h6 10.Bh4 Kh7 11.h3 a6 12.Qd2 Qc7 13.Rad1 Bd7 14.Bb3 Rae8 15.Ne2 f5
16.Bg3 e5 17.c3 f4 18.Bh2 g5 19.d4 Bc8 20.Kh1 Ng6 21.dxc5 dxc5 22.Bg1 Rd8
23.Qc2 Qe7 24.Rxd8 Nxd8 25.Nh2 h5 26.f3 g4 27.hxg4 hxg4 28.fxg4 Qh4 29.Rf1 Bxg4
30.Bf2 Qh5 31.Ng1 Rh8 32.Nf3 Bf8 33.Bg1 Kg7 34.Qf2 Be7 35.g3 Ne6 36.Bxe6 Bxe6
37.Ne1 Bc4 38.Kg2 Qh3+  0-1

[Event "SCO-ch"]
[Site "Largs"]
[Date "1998.??.??"]
[Round "9"]
[White "Buchanan, Walter F"]
[Black "Norris, Alan J"]
[Result "0-1"]
[WhiteElo "2135"]
[BlackElo "2320"]

1.e4 c5 2.Nf3 Nc6 3.Nc3 g6 4.Bc4 Bg7 5.O-O e6 6.d4 cxd4 7.Nb5 Qb6 8.Bf4 e5
9.Bd2 Nf6 10.Nd6+ Ke7 11.Nxf7 Qc5 12.Qe2 b5 13.Bb3 Rf8 14.N7g5 h6 15.Nh4 hxg5
16.Nxg6+ Ke8 17.Nxf8 Kxf8 18.Bxg5 Na5 19.Qf3 Qe7 20.Bd5 Bb7 21.Bxb7 Nxb7
22.Qb3 Nc5 23.Bxf6 Qxf6 24.Qxb5 Qc6 25.Qxc6 dxc6 26.f3 Bh6 27.Rfd1 Be3+ 28.Kf1 Na4
29.Rab1 Rb8 30.Ke2 Nxb2 31.Rf1 Rb6 32.g3 c5 33.f4 exf4 34.gxf4 c4 35.e5 c3
36.f5 Rb5 37.e6 Re5 38.Rf3 Bg5+ 39.Kf1 d3 40.cxd3 c2 41.Ra1 Bh4 42.Rh3 Rxf5+
43.Ke2 Bg5 44.Rh8+ Ke7 45.Rc8 Re5+ 46.Kf3 c1=Q 47.Raxc1 Bxc1 48.Rxc1 Ra5
49.Rc2 Nxd3 50.Rd2 Ne5+ 51.Ke4 Kxe6 52.Rc2 Ra4+ 53.Ke3 Ng4+ 54.Kf3 Kf5 55.Rb2 Ra3+
56.Kg2 Ne3+ 57.Kg1 Kf4 58.Rf2+ Ke4 59.h4 Ng4 60.Rg2 Kf4 61.Rb2 Re3 62.Kf1  0-1

[Event "Leon op"]
[Site "Leon"]
[Date "1998.??.??"]
[Round "3"]
[White "Huberty, Marc"]
[Black "Garcia Ilundain, David"]
[Result "0-1"]
[WhiteElo "2230"]
[BlackElo "2495"]

1.e4 c5 2.Nc3 Nc6 3.Nge2 Nf6 4.d3 e6 5.g3 d5 6.exd5 exd5 7.Bg2 d4 8.Ne4 Nxe4
9.Bxe4 Bd6 10.Bf4 O-O 11.O-O Bg4 12.Qd2 Re8 13.Rfe1 Bxf4 14.Nxf4 Ne5 15.Nd5 Qd6
16.Qf4 Nf3+ 17.Bxf3 Qxf4 18.Nxf4 Bxf3 19.Kf1 g5 20.Nh3 f6 21.Ng1 Bd5 22.Re2 Kf7
23.Ke1 h5 24.a3 Re5 25.Kd2 Ke6 26.Rf1 h4 27.Rfe1 Kf5 28.b4 b6 29.bxc5 bxc5
30.c3 Rb8 31.cxd4 cxd4 32.f4 gxf4 33.gxf4 Kxf4 34.Rf1+ Kg4 35.Rxf6 Rb2+ 36.Ke1 Rb1+
37.Kf2 Rf5+ 38.Rxf5 Kxf5 39.Nf3 Bxf3 40.Kxf3 Rb3  0-1

[Event "Leon op"]
[Site "Leon"]
[Date "1998.??.??"]
[Round "9"]
[White "Galego, Luis"]
[Black "Mate Adan, Carlos"]
[Result "1-0"]
[WhiteElo "2445"]
[BlackElo "2110"]

1.e4 c5 2.Nf3 Nc6 3.Nc3 g6 4.g3 Bg7 5.Bg2 d6 6.d3 Bg4 7.h3 Bxf3 8.Bxf3 Nf6
9.Bg2 Rb8 10.a4 O-O 11.O-O a6 12.f4 Nd4 13.Ne2 Nd7 14.Nxd4 cxd4 15.h4 Qa5
16.Bd2 Qb6 17.b4 Nf6 18.Bh3 e5 19.Kh2 Rbd8 20.fxe5 dxe5 21.Qe2 Qc6 22.Ra2 Ne8
23.Bg5 f6 24.Bd2 Nd6 25.Be6+ Nf7 26.Bb3 Kh8 27.h5 f5 28.hxg6 hxg6 29.exf5 Nh6
30.Bxh6 Bxh6 31.Qxe5+ Bg7 32.Qe4 gxf5 33.Qxc6 bxc6 34.Kg2 Be5 35.b5 a5 36.Raa1 Kg7
37.Rae1 Kf6 38.bxc6 Rh8 39.Re2 Rde8 40.Ref2 Rh5 41.g4 Rh2+ 42.Kg1 Rxf2 43.Rxf2 f4
44.Re2 f3 45.Re4 Rh8 46.Kf2 Rh3 47.g5+ Kf5 48.g6 Bg3+ 49.Kxf3 Bf4+ 50.Kf2 Rh2+
51.Kg1 Rh5 52.Be6+ Kf6 53.Rxf4+ Kxe6 54.Rg4 Rh8 55.Rxd4 Rc8 56.g7 Rg8 57.Rd7 Rc8
58.d4 Rf8  1-0

[Event "PER-ch sf"]
[Site "Lima"]
[Date "1998.??.??"]
[Round "11"]
[White "Soto, Jorge"]
[Black "Retamozo, Henry"]
[Result "1-0"]
[WhiteElo "2175"]
[BlackElo "2265"]

1.e4 c5 2.Nc3 Nc6 3.Nge2 g6 4.d4 cxd4 5.Nxd4 Bg7 6.Be3 d6 7.g3 Nf6 8.h3 O-O
9.Bg2 Bd7 10.O-O Rc8 11.Nde2 Qa5 12.Nd5 Nxd5 13.exd5 Ne5 14.b3 Bf5 15.Nd4 Qc3
16.Nxf5 gxf5 17.Qh5 Qxc2 18.Rac1 Qd3 19.Rcd1 Qa6 20.Qxf5 Qxa2 21.h4 Qxb3
22.Be4 Ng6 23.h5 e6 24.Qh3 Ne5 25.h6 Bf6 26.dxe6 fxe6 27.Rxd6 Qc4 28.Rd4 Qa6
29.Rb4 b5 30.Bd4 Qd6 31.Bxe5 Qxe5 32.Bd3 Rc5 33.Qg4+ Kh8 34.Re4 Qf5 35.Qe2 Qh3
36.Qf3 Rh5 37.Qg2 Qxg2+ 38.Kxg2 Rd5 39.Be2 a5 40.Rc1 e5 41.Rc7 b4 42.Bc4 Rd2
43.Rg4 Rd4 44.Rxd4 exd4 45.Bd3 Rb8 46.Rxh7+ Kg8 47.Ra7 Bd8 48.Rd7 a4 49.Rxd4 Bf6
50.Rd6 Bc3 51.Ra6 a3 52.Bc4+ Kh7 53.Bb3 Bd4 54.Rd6 Be5 55.Re6 Bd4 56.Rd6 Bc5
57.Rc6 Bf8 58.g4 Rd8 59.Rf6 Bc5 60.g5 Rf8 61.Rxf8 Bxf8 62.Kh3 Bc5 63.f4 Be3
64.Kg4 Bc1 65.Kh5 Kh8 66.f5 Bd2 67.f6  1-0

[Event "Ljubljana op"]
[Site "Ljubljana"]
[Date "1998.??.??"]
[Round "3"]
[White "Justin, Matijaz"]
[Black "Sveshnikov, Evgeny"]
[Result "1/2-1/2"]
[WhiteElo "2395"]
[BlackElo "2595"]

1.e4 c5 2.Nf3 Nc6 3.Nc3 e5 4.Bc4 Be7 5.d3 d6 6.O-O Nf6 7.Ng5 O-O 8.f4 exf4
9.Bxf4 h6 10.Nf3 Be6 11.Nd5 Bxd5 12.Bxd5 Nxd5 13.exd5 Ne5 14.Nxe5 dxe5 15.Bxe5 Qxd5
16.Bc3 Bg5 17.Qf3 Qxf3 18.Rxf3 Rae8 19.Kf2 f5 20.Re1 g6 21.Be5 Re6 22.Bf4 Rxe1
23.Kxe1 Re8+ 24.Kd2 Bxf4+ 25.Rxf4 b6 26.d4 Rd8 27.Ke3 Re8+ 28.Kd2 Rd8 29.Ke3 Rc8
30.dxc5 Rxc5 31.c4 Kf7 32.Kd4 Ke6 33.g4 fxg4 34.Rxg4 g5 35.b4 Rf5 36.Re4+ Kd6
37.h4 h5 38.hxg5 Rxg5 39.Re8 a5 40.bxa5 Rxa5 41.Rh8 Rc5 42.Rh6+ Kc7 43.Kc3 Kb7
44.Kb4 Rg5 45.a3 Ka6 46.Rh7 Rf5 47.Rh8 Rg5  1/2-1/2

[Event "Ljubljana op"]
[Site "Ljubljana"]
[Date "1998.??.??"]
[Round "9"]
[White "Kutuzovic, Branko"]
[Black "Podkriznik, Gregor"]
[Result "1-0"]
[WhiteElo "2425"]
[BlackElo "2330"]

1.e4 c5 2.Nc3 Nc6 3.Nf3 d6 4.Bb5 Bd7 5.Bxc6 Bxc6 6.d4 cxd4 7.Qxd4 Nf6 8.Bg5 e6
9.O-O-O Be7 10.Rhe1 O-O 11.Qd2 b5 12.Nd4 Qb6 13.f3 Rfc8 14.g4 b4 15.Nce2 a5
16.Kb1 a4 17.Nc1 Be8 18.h4 Rc4 19.h5 h6 20.Be3 Qb7 21.b3 Rc3 22.Nde2 Rc7
23.Nd3 Bb5 24.Nd4 Bxd3 25.Qxd3 Rac8 26.Re2 d5 27.e5 Nd7 28.Bd2 Bc5 29.Nb5 Rc6
30.g5 hxg5 31.Bxg5 axb3 32.axb3 Qa6 33.Rg2 Bf8 34.Bf6 Rc5 35.h6 Qxb5 36.Qxb5 Rxb5
37.hxg7 Nxf6 38.exf6 Bxg7 39.Rxg7+ Kf8 40.Rh1 Rbc5 41.Rh8+  1-0

[Event "SLO-ch"]
[Site "Maribor"]
[Date "1998.??.??"]
[Round "9"]
[White "Vombek, Dani"]
[Black "Podkriznik, Gregor"]
[Result "0-1"]
[WhiteElo "2310"]
[BlackElo "2330"]

1.e4 c5 2.Nc3 Nc6 3.Nge2 g6 4.d4 cxd4 5.Nxd4 Bg7 6.Nde2 d6 7.h3 Nf6 8.g3 Bd7
9.Bg2 Qc8 10.b3 O-O 11.Bb2 Rd8 12.Qd2 b5 13.O-O-O a5 14.Nd5 Ra6 15.Nxf6+ exf6
16.Nf4 Be6 17.Bf1 Rb6 18.Nd5 Bxd5 19.exd5 Ne5 20.f4 Nd7 21.Qxa5 Ra6 22.Qxb5 Rxa2
23.Qc6 Qb8 24.Bb5 Ra5 25.Ba4 Nc5 26.Bc3 Nxb3+ 27.Bxb3 Rc5 28.Qa4 Rxc3 29.f5 Rxg3
30.Rhe1 Rf3 31.Re7 Rxf5 32.Rde1 Re5 33.Qc6 f5 34.R1xe5 Bxe5 35.Rb7 Qa8 36.Ba4 Qa5
37.c4 Qc3+ 38.Kb1 Ra8 39.Rb3 Qa1+  0-1

[Event "Carlos Torre op Kukulkan 11th"]
[Site "Merida"]
[Date "1998.??.??"]
[Round "1"]
[White "Arguelles, Valente"]
[Black "Carbajal, Eddje"]
[Result "1-0"]
[WhiteElo "2875"]
[BlackElo "1605"]

1.e4 c5 2.Ne2 Nc6 3.Nbc3 e6 4.g3 b6 5.Bg2 Bb7 6.O-O Be7 7.d4 Qc7 8.d5 Nb8
9.Nb5 Qc8 10.Bf4 d6 11.Bxd6 Bd8 12.Be5 Nf6 13.Nd6+  1-0

[Event "Miercurea Ciuc op"]
[Site "Miercurea Ciuc"]
[Date "1998.??.??"]
[Round "6"]
[White "Sebe, Florin"]
[Black "Szabo, Virag"]
[Result "1-0"]
[WhiteElo "2215"]
[BlackElo "2030"]

1.e4 c5 2.Nf3 Nc6 3.Nc3 g6 4.d4 cxd4 5.Nxd4 Bg7 6.Nb3 Nf6 7.Be2 O-O 8.O-O d6
9.Kh1 b6 10.f4 Bb7 11.Be3 Rc8 12.Bf3 h6 13.Qe2 Kh7 14.Rad1 Qc7 15.Rfe1 Rcd8
16.Nd5 Qb8 17.c3 e5 18.Nxf6+ Bxf6 19.f5 Ne7 20.fxg6+ Nxg6 21.Bc1 Rg8 22.Bh5 Be7
23.Rf1 Rg7 24.Rf2 d5 25.Rdf1 Rf8 26.exd5 Bh4 27.Bxg6+  1-0

[Event "RUS-Cup02"]
[Site "Moscow"]
[Date "1998.??.??"]
[Round "3"]
[White "Grigoriants, Sergey"]
[Black "Gagarin, Vasilij"]
[Result "1-0"]
[WhiteElo "2250"]
[BlackElo "2415"]

1.e4 c5 2.Nc3 Nc6 3.Nge2 Nf6 4.g3 d5 5.exd5 Nxd5 6.Bg2 Nxc3 7.bxc3 e6 8.O-O Be7
9.d3 O-O 10.Be3 Bd7 11.Rb1 b6 12.f4 Rc8 13.g4 Na5 14.Ng3 Bc6 15.Bxc6 Nxc6
16.f5 exf5 17.gxf5 Ne5 18.Ne4 Nd7 19.c4 Re8 20.Qf3 Bf6 21.Kh1 Be5 22.Rbe1 Qc7
23.Qg2 Qc6 24.Bg5 Kh8 25.Rf3 f6 26.Bd2 Nf8 27.Rg1 Rc7 28.Bc3 Bd4 29.Bxd4 cxd4
30.Qf2 Rd7 31.Qh4 h6 32.Rfg3 Nh7 33.Qh5 Rde7 34.h4 a6 35.Kh2 b5 36.c5 a5
37.Rg6 b4 38.Qg4  1-0

[Event "RUS-Cup02"]
[Site "Moscow"]
[Date "1998.??.??"]
[Round "3"]
[White "Sinkevich, Petr"]
[Black "Polovnikova, Ekaterina"]
[Result "0-1"]
[WhiteElo "2215"]
[BlackElo "2335"]

1.e4 c5 2.Nf3 Nc6 3.Nc3 g6 4.d4 cxd4 5.Nxd4 Bg7 6.Nb3 Nf6 7.Be2 O-O 8.O-O d6
9.Re1 Be6 10.Bf1 Na5 11.Nd5 Nc6 12.Bg5 Bxd5 13.exd5 Ne5 14.c4 Rc8 15.Rc1 h6
16.Bh4 a5 17.Nd4 Re8 18.b3 Qb6 19.h3 Nxd5 20.cxd5 Rxc1 21.Qxc1 Qxd4 22.Bb5 Qxh4
23.Rxe5 Bxe5 24.Bxe8 Qd4 25.Bb5 Qxd5 26.Be2 Qd4 27.Qc8+ Kg7 28.Qxb7 e6 29.Bf1 Qb2
30.Qf3 Qxa2 31.g3 Qb2 32.Kg2 d5 33.Bb5 Bf6 34.Ba4 Qd4 35.Bb5 Qc5 36.Be8 Qc7
37.Qd3 Kf8 38.Bb5 Qb6 39.Ba4 h5 40.h4 Bd4 41.Qf3 Qc5 42.Bd7 Qd6 43.Ba4 e5
44.Qd3 Bb6 45.Qc2 Qb4 46.Bc6 Qd4 47.Qe2 Qc5 48.Bb7 Qd6 49.Qf3 e4 50.Qe2 Qe5
51.Qb5 Qd4 52.Qe2 Kg7 53.Qc2 f5 54.Ba8 Bc5 55.Bb7 Kf6 56.Qe2 Ke5 57.Bc6 Qd3  0-1